Представление документа в формате RUSMARC

ПолеНазваниеЗначение
  Тип записи a
  Библиографический уровень m
001 Контрольный номер RU/SLIB/B/208729139
005 Дата корректировки 20201206204019.3
010 Индекс ISBN __
d Цена 1-60
101 Язык документа __
a Язык текста rus
200 Заглавие и сведения об ответственности __
a Заглавие Немецкая трагедия
e Сведения, относящиеся к заглавию повесть о Карле Либкнехте
b Общее обозначение материала Текст
205 Сведения об издании __
a Основные сведения об издании 2-е изд.
210 Выходные данные __
a Место издания М.
c Издательство Политиздат
d Дата издания 1982
215 Физическое описание __
a Объем 445 с.
c Иллюстрации/тип воспроизводства ил.
225 Серия __
a Серия Пламенные революционеры
600 Персоналии __
a Персоналии (Фамилия) Либкнехт, К.
606 Тематические рубрики __
a Основная рубрика История
y Географическая подрубрика Германия
606 Тематические рубрики __
a Основная рубрика Европа в XVI в. - 1918 г.
606 Тематические рубрики __
a Основная рубрика Право
606 Тематические рубрики __
a Основная рубрика Политические движения и партии зарубежных стран
606 Тематические рубрики __
a Основная рубрика Художественная литература
606 Тематические рубрики __
a Основная рубрика Русская литература XX в. (произведения)
610 Ключевые слова __
a Ключевые слова революционеры; повести; персоналии
686 Индексы других классификаций __
a Классификационный индекс 63.3(4Гем)53-8
686 Индексы других классификаций __
a Классификационный индекс 66.69(4Гем),2
686 Индексы других классификаций __
a Классификационный индекс 84(2Рос=Рус)6-4
700 Автор __
a Фамилия Черный
b Имя О. Е.
4 Код отношения 070
801 Источник записи _0
a Страна RU
b Организация Муниципальное бюджетное учреждение культуры "Централизованная библиотечная система" г. Сургут (Центральная городская библиотека им. А. С. Пушкина)
g Правила каталогизации КиК/Михайлова
801 Источник записи _1
a Страна RU
b Организация Муниципальное бюджетное учреждение культуры "Централизованная библиотечная система" г. Сургут (Центральная городская библиотека им. А. С. Пушкина)
g Правила каталогизации КиК/Михайлова
852 Данные о местонахождении __
j Шифр хранения 63.3(4Гем)53-8
c Каталожный индекс 63.3(4Гем)-8; 66.69(4Гем); 84(2Рос=Рус)6
i Авторский знак Ч-49
p Инвентарный номер 13870
901 Тип документа __
t Тип документа m
990 Данные о заказе (DOS) __
j Количество экземпляров (DOS) 2